000 00882nam a2200253Ia 4500
003 OSt
005 20221005113405.0
006 a|||||r|||| 00| 0
007 ta
008 221004b |||||||| |||| 00| 0 pan d
020 _a9789351120216 (hbk)
_c250
024 _a26595
037 _b991, 17/12/2015, H.K. Prakashan
_cTextual
040 _aCRL
_cCRL
_bpan
041 _2pan
_apan
082 _aO153,2NAU:g, Q5
100 _aਅਨੀਤਾ
245 0 _aਅਜਮੇਰ ਸਿੰਘ ਐਲਖ ਦੇ ਨਾਟਕ ਅਤੇ ਨਿਮਨ ਕਿਸਾਨੀ
260 _aਲੁਧਿਆਣਾ
_bਚੇਤਨਾ ਪ੍ਰਕਾFਨ ਭਾਰਤ
_c2015
300 _a160ਪੰ
_ccm.
650 _aਪੰਜਾਬੀ ਸਾਹਿਤ
942 _hO153,2NAU:g, Q5
_cTEXL
_2cc
999 _c1028024
_d1028024